000 02563nam0a2200397 i 4500
001 RU\NLR\BIBL_A\011262937
005 20260407081740.0
010 _a9785778229907
_9110
021 _aRU
_b2016-80252
_95238
021 _aRU
_b2016-80252
_95532
035 _a(NLR Aleph) 011262937
090 _a12226708
_c12226708
100 _a20161107d2016 k y0rusy50 ca
101 0 _arus
102 _aRU
105 _aa|||z|||000zy
200 1 _aПсихологическое благополучие ребенка в современном обществе
_eмонография
_f[Сафронова Маргарита Викторовна, Кузнецова Валерия Борисовна, Козлова Елена Александровна и др.]
_gМ-во образования и науки Рос. Федерации, Новосиб. гос. техн. ун-т [и др.]
210 _aНовосибирск
_cИзд-во Новосибирского государственного технического университета
_d2016
215 _a287 с.
_cил.
_d21
300 _aАвт указаны в вып. дан.
300 _aВ надзаг. также: Науч.-исслед. ин-т физиологии и фундамент. медицины, Благотвор. фонд поддержки соц. инициатив "Весна", Благотвор. фонд содействия защите детства и укреплению семьи "Право на будущее", Новосиб. гос. пед. ун-т
320 _aБиблиогр. в конце гл.
606 1 _aДети
_xСоциально-психологические исследования
_91495404
_3RU\NLR\AUTH\66645843
606 _aСемья
_xПсихологическая служба
_91593528
_3RU\NLR\AUTH\66999277
686 1 _aС550.325.2
686 1 _aЮ949.246
686 1 _aЮ984.92
701 1 _aСафронова
_bМ. В.
_gМаргарита Викторовна
701 1 _7ca
_8rus
_aКузнецова
_bВ. Б.
_cпсихолог
_gВалерия Борисовна
_9166037
_3RU\NLR\AUTH\770166084
701 1 _7ca
_8rus
_aКозлова
_bЕ. А.
_cпсихолог
_gЕлена Александровна
_9166065
_3RU\NLR\AUTH\770166112
712 0 2 _4570
_aНовосибирский государственный технический университет
_3RU\NLR\AUTH\887219
_9286502
942 _cBOOK
980 _aNBR